Peter Pan y Wendy / (Registro nro. 14368)

Detalles MARC
000 -LIDER
fixed length control field 00895nam a22002777a 4500
001 - NÚMERO DE CONTROL
Identificador de número de control 00723
003 - IDENTIFICACDOR DE NÚMERO DE CONTROL
control field DO-SdBNP
005 - DATE AND TIME OF LATEST TRANSACTION
control field 20230327103402.0
007 - CAMPOS FIJOS DE DESCRIPCIÓN FÍSICA
fixed length control field 00723
008 - ELEMENTOS DE LONGITUD FIJA
fixed length control field 160706b 20uu sp| 0 spa d
020 ## - ISBN
International Standard Book Number 8439280297
040 ## - FUENTE DE CATALOGACIÓN
Agencia que crea de manera original el registro BPMSU
Idioma de catalogación spa
Agencia que realiza la transcripción BPMSU
082 #4 - NÚMERO DE CLASIFICACIÓN DECIMAL DE DEWEY
Classification number 823.8
Item number B275p
Edition number 22
100 1# - ASIENTO PRINCIPAL -- NOMBRE PERSONAL
Nombre personal Barrie, J. M. (James Matthew)
Fechas asociadas con el nombre 1860-1937
245 10 - MENCIÓN DE TITULO
Título Peter Pan y Wendy /
Mención de responsabilidad J. M. Barrie ; ilustración Jesús Leza
260 ## - PUBLICACIÓN, DISTRIBUCIÓN, ETC. (PIE DE IMPRENTA)
Lugar de publicación, distribución, etc León, España : :
Nombre del editor, distribuidor, etc. Ediciones Gaviota,
Fecha de publicación, distribución, etc [200-?]
300 ## - DESCRIPCIÓN FÍSICA
Extensión 274 p. :
Otros detalles físicos il.,
Dimensiones 23 cm.
490 0# - MENCIÓN DE SERIES
Mención de serie Alfaguara infantil y juvenil
590 ## - NOTA LOCAL
Enlace Inventariado, 2023/VM
600 #4 - ENCABEZAMIENTO DE MATERIA--NOMBRE PERSONAL
Nombre personal Barrie, James Matthew,
Fechas asociadas con el nombre 1860-1937
Título de una obra Peter Pan
Subdivisión temática general Adaptaciones teatrales.
650 #4 - ENCABEZAMIENTO DE MATERIA--TEMÁTICO
Subdivisión temática general Literatura iglesa infantil
Término temático o nombre geográfico como elemento de entrada
Mención de responsabilidad
650 #4 - ENCABEZAMIENTO DE MATERIA--TEMÁTICO
Término temático o nombre geográfico como elemento de entrada Nonveal inglesa infantil
700 1# - ASIENTO SECUNDARIO -- NOMBRE PERSONAL
Nombre personal Leza, Jesús
Mención de responsabilidad ils.
910 ## - VALIDACIÓN
Validación VMateo V. Control de calidad (BPMSU)
942 ## - ADDED ENTRY ELEMENTS (KOHA)
Source of classification or shelving scheme Dewey Decimal Classification
Koha item type Libros
Existencias
Withdrawn status Lost status Source of classification or shelving scheme Damaged status Not for loan Collection code Home library Current library Date acquired Full call number Barcode Date last seen Price effective from Koha item type
    Dewey Decimal Classification     Colección Infantil General Biblioteca Pública Metropolitana Salomé Ureña Biblioteca Pública Metropolitana Salomé Ureña 03/09/2023 BPMSU CG 823.8 B275p BPMSU23030012 03/09/2023 03/09/2023 Libros